ბათუმის შოთა რუსთაველის სახელმწიფო უნივერსიტეტის ბიბლიოთეკა

Strategic Management (ბიბ.ჩანაწერი № 50585)

000 -LEADER
fixed length control field 00436nam a2200205Ia 4500
001 - CONTROL NUMBER
control field 17535
003 - CONTROL NUMBER IDENTIFIER
control field GE_BSU
008 - FIXED-LENGTH DATA ELEMENTS--GENERAL INFORMATION
fixed length control field 181216s||||||||xx |||||||||||||| ||und||
020 ## - INTERNATIONAL STANDARD BOOK NUMBER
International Standard Book Number 0071121323
040 ## - CATALOGING SOURCE
Transcribing agency GE_BSU
080 ## - UNIVERSAL DECIMAL CLASSIFICATION NUMBER
Universal Decimal Classification number 65.01
100 ## - MAIN ENTRY--PERSONAL NAME
Personal name Thompson A. Arthur
245 ## - TITLE STATEMENT
Title Strategic Management
260 ## - PUBLICATION, DISTRIBUTION, ETC.
Place of publication, distribution, etc. Boston
260 ## - PUBLICATION, DISTRIBUTION, ETC.
Date of publication, distribution, etc. 2003
300 ## - PHYSICAL DESCRIPTION
Extent 1238p.
653 ## - INDEX TERM--UNCONTROLLED
Uncontrolled term Strategic Management
942 ## - ADDED ENTRY ELEMENTS (KOHA)
Koha item type წიგნი
ეგზემპლარები
Withdrawn status Lost status Damaged status Not for loan Date acquired Barcode Date last seen Price effective from Koha item type
        2018-12-17 1034 2018-12-17 2018-12-17 წიგნი